Introduction to microprocessors: Software, hardware, programming (Record no. 164453)

MARC details
000 -LEADER
fixed length control field 00394nam a2200145Ia 4500
008 - FIXED-LENGTH DATA ELEMENTS--GENERAL INFORMATION
fixed length control field 231217s9999 xx 000 0 und d
041 ## - LANGUAGE CODE
Language code of text/sound track or separate title English
082 ## - DEWEY DECIMAL CLASSIFICATION NUMBER
Classification number 001.6404 LEV;4
100 ## - MAIN ENTRY--PERSONAL NAME
Personal name Leventhal, Lance A
245 #0 - TITLE STATEMENT
Title Introduction to microprocessors: Software, hardware, programming
260 ## - PUBLICATION, DISTRIBUTION, ETC.
Date of publication, distribution, etc. 1991
Name of publisher, distributor, etc. New Delhi : PHI,
300 ## - PHYSICAL DESCRIPTION
Extent xv+624
650 ## - SUBJECT ADDED ENTRY--TOPICAL TERM
Topical term or geographic name entry element Microprocessor
942 ## - ADDED ENTRY ELEMENTS (KOHA)
Koha item type Books
Holdings
Date last seen Total checkouts Full call number Accession number Cost, total (INR) price Price effective from Category Public note Lost status Damaged status Department Withdrawn status Home library Current library Shelving location Entry date Cost, normal purchase price Grants Billdate Currency symbol Conversion rate Discount Old discount
26/01/2024   001.6404 LEV;4 9030 80.75 26/01/2024 Books SC ST (194)     Central Library   Central Library Central Library SC-ST 26/08/1996 95.00 SC-ST 10/08/1999 RS 1 14.25 15
26/01/2024   001.6404 LEV;5 9031 80.75 26/01/2024 Books SC ST (079)     Central Library   Central Library Central Library SC-ST 26/08/1996 95.00 SC-ST 10/08/1999 RS 1 14.25 15

© For any Suggestions or Query, please contact the library staff @ librarian@pes.edu or Phone: +9180 2672 1983/ 2108.